KOHA-Header-6

Beginning Visual C++ 6 (Record no. 8033)

000 -LEADER
fixed length control field 00260nam a2200109Ia 4500
100 ## - MAIN ENTRY--AUTHOR NAME
Personal name Horton,Ivor
245 #0 - TITLE STATEMENT
Title Beginning Visual C++ 6
260 ## - PUBLICATION, DISTRIBUTION, ETC. (IMPRINT)
Place of publication Calcutta
Name of publisher Microsoft Press
Year of publication 1999
300 ## - PHYSICAL DESCRIPTION
Number of Pages 925
942 ## - ADDED ENTRY ELEMENTS (KOHA)
Koha item type Books
Holdings
Withdrawn status Lost status Collection code Permanent Location Current Location Shelving location Date acquired Full call number Accession Number Koha item type
    Computer Languages MAJU MAJU Shelf No.A18 2019-09-13 005.73 2376 Computer Languages

Powered by Koha